000 04088nam a22002537a 4500
003 NALT
005 20260319074347.0
008 230511b th ||||| |||| 00| 0 tha d
040 _aNALT
086 _aกทช 01 1.2 2564
110 2 _aสำนักงานคณะกรรมการกิจการกระจายเสียง กิจการโทรทัศน์ และกิจการโทรคมนาคมแห่งชาติ (สำนักงาน กสทช.).
_9121
245 1 0 _aรายงานการติดตามตรวจสอบ และประเมินผลการปฏิบัติงาน กสทช. สำนักงาน กสทช. และเลขาธิการ กสทช. ประจำปี 2564 โดยคณะกรรมการติดตามและประเมินผลการปฏิบัติงาน ตามมาตรา 72 แห่งพระราชบัญญัติองค์กรจัดสรรคลื่นความถี่และกำกับการประกอบกิจการวิทยุกระจายเสียง วิทยุโทรทัศน์ และกิจการโทรคมนาคม พ.ศ. 2553 และที่แก้ไขเพิ่มเติม /
_cสำนักงานคณะกรรมการกิจการกระจายเสียง กิจการโทรทัศน์ และกิจการโทรคมนาคมแห่งชาติ (สำนักงาน กสทช.)..
260 _aกรุงเทพฯ :
_bสำนักงานคณะกรรมการกิจการกระจายเสียง กิจการโทรทัศน์ และกิจการโทรคมนาคมแห่งชาติ (สำนักงาน กสทช.),
_cม.ป.ป.
300 _a250 หน้า :
_bภาพประกอบ, ตาราง, แผนภูมิ, แผนที่ ;
_c30 ซม.
505 2 _a1. คณะกรรมการติดตามและประเมินผลการปฏิบัติงาน (กตป.) -- 2. ข้อมูลทั่วไปของ กสทช. สำนักงาน กสทช. และเลขาธิการ กสทช. -- 3. การติดตามและประเมินผลการปฏิบัติงานของ กสทช. สำนักงาน กสทช. และเลขาธิการ กสทช. -- 4.การประเมินผลการปฏิบัติงานที่สำคัญในปี 2564 -- 5. ความเห็นของคณะกรรมการติดตามและประเมินผลการปฏิบัติงานต่อ (ร่าง) รายงานผลการปฏิบัติงานของ กสทช. ตามมาตรา 76 -- 6. เรื่องอื่น ๆ ที่เห็นสมควรรายงานให้ กสทช. หรือประชาชนทราบ และข้อเสนอแนะเพิ่มเติม.
610 2 4 _961373
_a สำนักงานคณะกรรมการกิจการกระจายเสียง กิจการโทรทัศน์ และกิจการโทรคมนาคมแห่งชาติ (สำนักงาน กสทช.)
_xผลงาน
_y2564
710 2 _947381
_aคณะกรรมการติดตามและประเมินผลการปฏิบัติงาน (กตป.)
850 _aNALT
856 4 0 _uhttps://prt.parliament.go.th/items/2a35545b-a029-4394-b097-ba0eff7bb91e
942 _cGOV
_2local
996 _achunbijaya.r
_bCATSTF
_c2023-05-11
996 _ajamriang.p
_bCATSTF
_c2023-08-16
999 _c102118
_d102118
998 _j1020
_k นางจำเรียง ระวังสำโรง